Chymische Schrifften : Darinnen begriffen I. Rosarius Philosophorum. II. Novum Lumen. III. Flos Florum. IV. Spiegel der Alchimie. V. Eine Epistel an den Neapolitanischen König ... X. Der Tractat, so der Weiber-Arbeit und der Kinder Spiel genennet wird. Allen Liebhabern und wahren Alchimie zu Gefallen aus dem Latein ... übersetzet /

Hlavní autor: Arnald, z Villanovy, asi 1235-asi 1312
Další autoři: Lange, Johannes, 1485-1565, Hippodamus, Johannes, 1596-1604
Jazyk: Němčina
Vydáno: Wien : Johann Paul Krauss, 1748
Témata:
Fyzický popis: [14], 411, [5] s. ; 8°
Knihy
Uloženo v:
LEADER 01454nam a22003377a 4500
001 mzk03001021098
003 CZ BrMZK
005 20110623140010.0
007 ta
008 041213s1748 au fr|||||00| ||gerod
040 |a BOA001  |b cze  |c BOA001 
041 1 |a ger  |h lat 
072 7 |a 094  |x Staré tisky  |2 Konspekt  |9 12 
080 |a (0.068)094  |2 MRF 
100 0 |a Arnald,  |c z Villanovy,  |d asi 1235-asi 1312  |7 nlk20000079983  |4 aut 
245 1 0 |a Chymische Schrifften :  |b Darinnen begriffen I. Rosarius Philosophorum. II. Novum Lumen. III. Flos Florum. IV. Spiegel der Alchimie. V. Eine Epistel an den Neapolitanischen König ... X. Der Tractat, so der Weiber-Arbeit und der Kinder Spiel genennet wird. Allen Liebhabern und wahren Alchimie zu Gefallen aus dem Latein ... übersetzet /  |c Durch Johannem Hoppodamus 
260 |a Wien :  |b Johann Paul Krauss,  |c 1748 
300 |a [14], 411, [5] s. ;  |c 8° 
500 |a Výzdoba: Titulní strana tištěna červeně a černě, viněty 
655 7 |a staré tisky  |7 fd422076  |2 czenas 
700 1 |a Lange, Johannes,  |d 1485-1565  |7 nlk20010101001  |4 trl 
700 1 |a Hippodamus, Johannes,  |d 1596-1604  |4 oth 
903 |a RP 
910 |a BOA001  |b BKB-0002.571 
978 |b Kraus, Johann Paul  |a Leipzig  |c 1748 
984 |a Lipsko  |b Německo 
985 |a 1701-1750 
990 |a BK 
993 |a Y 
991 |k mzk 
996 6 |b 2610419095  |c BKB-0002.571  |l stud. ST  |r Sklad / do násl. otevíracího dne  |n 0  |w 001021098  |u 000010  |a 1  |e BOA001  |s P